Eight months in Illinois; (Record no. 52225)

MARC details
000 -LEADER
fixed length control field 00658cam a22001931 4500
001 - CONTROL NUMBER
control field rc 01002014
003 - CONTROL NUMBER IDENTIFIER
control field DLC
005 - DATE AND TIME OF LATEST TRANSACTION
control field 20260227111905.0
008 - FIXED-LENGTH DATA ELEMENTS--GENERAL INFORMATION
fixed length control field 780214s1843 enk 000 0 eng
010 ## - LIBRARY OF CONGRESS CONTROL NUMBER
LC control number rc 01002014
035 ## - SYSTEM CONTROL NUMBER
System control number (OCoLC)3636048
040 ## - CATALOGING SOURCE
Original cataloging agency DLC
Transcribing agency ArAO
Modifying agency OCoLC
-- DLC
050 00 - LIBRARY OF CONGRESS CALL NUMBER
Classification number F454
Item number .O48
100 1# - MAIN ENTRY--PERSONAL NAME
Personal name Oliver, William,
Dates associated with a name active 19th century.
245 10 - TITLE STATEMENT
Title Eight months in Illinois;
Remainder of title with information to emigrants.
Statement of responsibility, etc. By William Oliver ...
260 ## - PUBLICATION, DISTRIBUTION, ETC.
Place of publication, distribution, etc. Newcastle-upon-Tyne,
Name of publisher, distributor, etc. Printed by W.A. Mitchell, and sold by E. & T. Bruce [etc.]
Date of publication, distribution, etc. 1843.
300 ## - PHYSICAL DESCRIPTION
Extent 3 p. l., iv, 141, [1] p.
Dimensions 20 cm.
651 #0 - SUBJECT ADDED ENTRY--GEOGRAPHIC NAME
Geographic name Illinois
General subdivision Description and travel.

No items available.

Powered by Koha